| 000 | 00721nam a22002057a 4500 | ||
|---|---|---|---|
| 005 | 20100806154617.0 | ||
| 010 | _aENG-98946 | ||
| 020 |
_c195.00 _a8189713035 |
||
| 035 | _aEN-82478 | ||
| 037 | _bDBAD/PUB | ||
| 082 | _a001.642 | ||
| 100 |
_aArulselvi, A. Christiyana _98659 |
||
| 245 |
_aData Structures made easy / _cby A. Christiyana Arulselvi |
||
| 260 |
_aDindigul _bPeace Trust _c2008 |
||
| 270 |
_aNewed Pulication H2/30, R. M. Colony _bDindigul _e624001 |
||
| 300 |
_aix, 199 p. _c22 cm. (Pbk) |
||
| 700 | _97380 | ||
| 942 |
_2ddc _cEN _h001.642 _mARU |
||
| 999 |
_c40106 _d40106 |
||